1507 1201 1781 1838 1859 1512 1842 1461 1906 1792 1965 1893 1556 1677 1859 1484 1335 1444 1438 1064 1416 1746 1962 1275 1493 1486 1849 1445 1429 1908 1894 1653 1077 1344 1378 1812 1986 1051 1765 1814 1393 1715 1678 1646 1281 1393 1946 1403 1142 1538 1156 1315 1908 1089 1694 1931 1202 1329 1806 1987 1529 1261 1426 1497 1411 1089 1386 1710 1773 1967 1702 1554 1543 1785 1859 1435 1151 1863 1360 1146 1395 1338 1641 1074 1847 1880 1938 1452 1318 1829 1009 1565 1960 1739 1786 1090 1121 1962 1476 BCNSPRNW ULIB Ver.6.0+V

เปลี่ยนเป็นภาษาไทย

Change to English
 แสดงรายละเอียดบรรณานุกรม
  กลับหน้าหลัก

Brief Record : Get Marc (ISO 2709) : E-mail record : QR code < ปิดหน้าต่าง
LEADER : 00000nam 2200000uu 4500
001    13399125309
003     ULIB
008    170405s2559||||th 000 0 tha d
020    ^a9786168012000
060 04 ^aWS16^bศ499พ
245 00 ^aพยาบาลนำการจัดการภาวะน้ำหนักเกิน =^bNurse led in overweightmanagement /^cบรรณาธิการ, ศิริอร สินธุ, ปิยะนันท์ ลิมเรืองรอง,ฐิติพงษ์ ตันคำปวน
246 31 ^aNurse led in overweight management
250    ^aพิมพ์ครั้งที่ 1
260    ^aนนทบุรี :^bสภาการพยาบาล,^c2559
300    ^aก-ฏ, 315 หน้า :^bภาพประกอบ ;^c30 ซม.
500    ^aกุมารเวชศาสตร์
505 0  ^a1.บทนำ--2.การจัดการภาวะน้ำหนักเกินและอ้วนในสตรีตั้งครรภ์--3.การจัดการภาวะน้ำหนักเกินและอ้วนในเด็กวัยเรียน--4.การจัดการภาวะน้ำหนักเกินและอ้วนในวัยรุ่น--5.การจัดการภาวะน้ำหนักเกินและอ้วนในผู้ใหญ่--6.การจัดการภาวะน้ำหนักเกินและอ้วนในสถานประกอบการ
650  4 ^aการควบคุมน้ำหนัก
650  4 ^aน้ำหนักตัว
650  4 ^aพยาบาล
650  0 ^aกุมารเวชศาสตร์
700 0  ^aศิริอร สินธุ,^eบรรณาธิการ
700 0  ^aปิยะนันท์ ลิมเรืองรอง,^eบรรณาธิการ
700 0  ^aฐิติพงษ์ ตันคำปวน,^eบรรณาธิการ
710 2  ^aสภาการพยาบาล
945    ^p0^l0^i004679
945    ^p0^l0^i001884
945    ^p0^l0^i001885
945    ^p0^l0^i001886
945    ^p0^l0^i001887
945    ^p0^l0^i001888
945    ^p0^l0^i001889
945    ^p0^l0^i001890
945    ^p0^l0^i001891
945    ^p0^l0^i001892
945    ^p0^l0^i001893
945    ^p0^l0^i001894
945    ^p0^l0^i001895
945    ^p0^l0^i001896
945    ^p0^l0^i001897
945    ^p0^l0^i001898
945    ^p0^l0^i008568
999    ^aวรรณษา ชูชัยมงคล
รายการนี้ยังไม่มีแท็ก
คุณยังไม่ได้ล็อกอิน คุณสามารถมีกิจกรรมร่วมกับเว็บไซต์ได้ แต่ต้องล็อกอินก่อน ::
  ล็อกอิน

รายการสื่อสารสนเทศ

ลำดับที่ ประเภท เลขเรียก/บาร์โค้ด สถานที่ สถานะ
1. วิทยาศาสตร์การแพทย์ และสุขภาพ
วิทยาศาสตร์การแพทย์ และสุขภาพ
สถานะ=หนังสือเก่า
WS16 ศ499พ ฉ.1 
  Barcode: 001884
ห้องสมุดวิทยาเขตสวรรค์ประชารักษ์
►ส่วนจัดเก็บหนังสือเก่า สปร
บนชั้น
  ขอยืม
2. วิทยาศาสตร์การแพทย์ และสุขภาพ
วิทยาศาสตร์การแพทย์ และสุขภาพ
สถานะ=หนังสือเก่า
WS16 ศ499พ ฉ.10 
  Barcode: 001893
ห้องสมุดวิทยาเขตสวรรค์ประชารักษ์
►ส่วนจัดเก็บหนังสือเก่า สปร
บนชั้น
  ขอยืม
3. วิทยาศาสตร์การแพทย์ และสุขภาพ
วิทยาศาสตร์การแพทย์ และสุขภาพ
สถานะ=หนังสือเก่า
WS16 ศ499พ ฉ.11 
  Barcode: 001894
ห้องสมุดวิทยาเขตสวรรค์ประชารักษ์
►ส่วนจัดเก็บหนังสือเก่า สปร
บนชั้น
  ขอยืม
4. วิทยาศาสตร์การแพทย์ และสุขภาพ
วิทยาศาสตร์การแพทย์ และสุขภาพ
สถานะ=หนังสือเก่า
WS16 ศ499พ ฉ.12 
  Barcode: 001895
ห้องสมุดวิทยาเขตสวรรค์ประชารักษ์
►ส่วนจัดเก็บหนังสือเก่า สปร
บนชั้น
  ขอยืม
5. วิทยาศาสตร์การแพทย์ และสุขภาพ
วิทยาศาสตร์การแพทย์ และสุขภาพ
สถานะ=หนังสือเก่า
WS16 ศ499พ ฉ.13 
  Barcode: 001896
ห้องสมุดวิทยาเขตสวรรค์ประชารักษ์
►ส่วนจัดเก็บหนังสือเก่า สปร
บนชั้น
  ขอยืม
6. วิทยาศาสตร์การแพทย์ และสุขภาพ
วิทยาศาสตร์การแพทย์ และสุขภาพ
สถานะ=หนังสือเก่า
WS16 ศ499พ ฉ.14 
  Barcode: 001897
ห้องสมุดวิทยาเขตสวรรค์ประชารักษ์
►ส่วนจัดเก็บหนังสือเก่า สปร
บนชั้น
  ขอยืม
7. วิทยาศาสตร์การแพทย์ และสุขภาพ
วิทยาศาสตร์การแพทย์ และสุขภาพ
สถานะ=หนังสือเก่า
WS16 ศ499พ ฉ.15 
  Barcode: 001898
ห้องสมุดวิทยาเขตสวรรค์ประชารักษ์
►ส่วนจัดเก็บหนังสือเก่า สปร
บนชั้น
  ขอยืม
8. วิทยาศาสตร์การแพทย์ และสุขภาพ
วิทยาศาสตร์การแพทย์ และสุขภาพ
สถานะ=หนังสือเก่า
WS16 ศ499พ ฉ.16 
  Barcode: 004679
ห้องสมุดวิทยาเขตสวรรค์ประชารักษ์
►ส่วนจัดเก็บหนังสือเก่า สปร
บนชั้น
  ขอยืม
9. วิทยาศาสตร์การแพทย์ และสุขภาพ
วิทยาศาสตร์การแพทย์ และสุขภาพ
สถานะ=หนังสือเก่า
WS16 ศ499พ ฉ.17 
  Barcode: 008568
ห้องสมุดวิทยาเขตสวรรค์ประชารักษ์
►ส่วนจัดเก็บหนังสือเก่า สปร
บนชั้น
  ขอยืม
10. วิทยาศาสตร์การแพทย์ และสุขภาพ
วิทยาศาสตร์การแพทย์ และสุขภาพ
สถานะ=หนังสือเก่า
WS16 ศ499พ ฉ.2 
  Barcode: 001885
ห้องสมุดวิทยาเขตสวรรค์ประชารักษ์
►ส่วนจัดเก็บหนังสือเก่า สปร
บนชั้น
  ขอยืม
11. วิทยาศาสตร์การแพทย์ และสุขภาพ
วิทยาศาสตร์การแพทย์ และสุขภาพ
สถานะ=หนังสือเก่า
WS16 ศ499พ ฉ.3 
  Barcode: 001886
ห้องสมุดวิทยาเขตสวรรค์ประชารักษ์
►ส่วนจัดเก็บหนังสือเก่า สปร
บนชั้น
  ขอยืม
12. วิทยาศาสตร์การแพทย์ และสุขภาพ
วิทยาศาสตร์การแพทย์ และสุขภาพ
สถานะ=หนังสือเก่า
WS16 ศ499พ ฉ.4 
  Barcode: 001887
ห้องสมุดวิทยาเขตสวรรค์ประชารักษ์
►ส่วนจัดเก็บหนังสือเก่า สปร
บนชั้น
  ขอยืม
13. วิทยาศาสตร์การแพทย์ และสุขภาพ
วิทยาศาสตร์การแพทย์ และสุขภาพ
สถานะ=หนังสือเก่า
WS16 ศ499พ ฉ.5 
  Barcode: 001888
ห้องสมุดวิทยาเขตสวรรค์ประชารักษ์
►ส่วนจัดเก็บหนังสือเก่า สปร
บนชั้น
  ขอยืม
14. วิทยาศาสตร์การแพทย์ และสุขภาพ
วิทยาศาสตร์การแพทย์ และสุขภาพ
สถานะ=หนังสือเก่า
WS16 ศ499พ ฉ.6 
  Barcode: 001889
ห้องสมุดวิทยาเขตสวรรค์ประชารักษ์
►ส่วนจัดเก็บหนังสือเก่า สปร
บนชั้น
  ขอยืม
15. วิทยาศาสตร์การแพทย์ และสุขภาพ
วิทยาศาสตร์การแพทย์ และสุขภาพ
สถานะ=หนังสือเก่า
WS16 ศ499พ ฉ.7 
  Barcode: 001890
ห้องสมุดวิทยาเขตสวรรค์ประชารักษ์
►ส่วนจัดเก็บหนังสือเก่า สปร
บนชั้น
  ขอยืม
16. วิทยาศาสตร์การแพทย์ และสุขภาพ
วิทยาศาสตร์การแพทย์ และสุขภาพ
สถานะ=หนังสือเก่า
WS16 ศ499พ ฉ.8 
  Barcode: 001891
ห้องสมุดวิทยาเขตสวรรค์ประชารักษ์
►ส่วนจัดเก็บหนังสือเก่า สปร
บนชั้น
  ขอยืม
17. วิทยาศาสตร์การแพทย์ และสุขภาพ
วิทยาศาสตร์การแพทย์ และสุขภาพ
สถานะ=หนังสือเก่า
WS16 ศ499พ ฉ.9 
  Barcode: 001892
ห้องสมุดวิทยาเขตสวรรค์ประชารักษ์
►ส่วนจัดเก็บหนังสือเก่า สปร
บนชั้น
  ขอยืม

รายการใกล้เคียง
    หัวเรื่อง [การควบคุมน้ำหนัก]
    หัวเรื่อง [น้ำหนักตัว]
    หัวเรื่อง [พยาบาล]
    หัวเรื่อง [กุมารเวชศาสตร์]

BibComment


ยังไม่เคยถูกคอมเมนท์

คอมเมนท์ทรัพยากรรายการนี้
  คอมเมนท์: พยาบาลนำการจัดกา..


 Copyright 2026. Bcnsprnw @Library